| 000 | 00374nam a2200133Ia 4500 | ||
|---|---|---|---|
| 008 | 220217s9999||||xx |||||||||||||| ||und|| | ||
| 020 | _a81-8131-214-08-4 | ||
| 082 | _a658.3 PAL | ||
| 100 |
_aPalmer, Sally _97535 |
||
| 245 | 0 | _aPeople and self management | |
| 260 |
_aElsevier Academic press _bNew Delhi _c2008 |
||
| 300 |
_aX,241p.;28cm _b250 |
||
| 650 | _aMANAGEMENT | ||
| 999 |
_c181137 _d181137 |
||